Lonely Planet's Top 100 Cities with a Map - Statistics

General Stats
  • This quiz has been taken 2,775 times
  • The average score is 72 of 100
Answers on the Map
Answers color-coded by a green-red scale on the quiz's map according to % correct below.
 
Answer Stats
# City % Correct
2 New York City
97%
5 London
96%
49 Los Angeles
95%
1 Paris
95%
28 Dublin
94%
36 Madrid
94%
29 Mexico City
94%
61 Moscow
94%
17 Rio de Janeiro
94%
6 Rome
94%
7 San Francisco
94%
18 Berlin
93%
50 Lisbon
93%
3 Sydney
93%
26 Tokyo
93%
34 Chicago
92%
38 Athens
91%
63 Beijing
91%
55 Seattle
91%
85 Seoul
91%
24 Amsterdam
90%
9 Cape Town
90%
35 Havana
90%
10 Istanbul
90%
57 St. Petersburg
90%
31 Toronto
90%
15 Vancouver
90%
16 Buenos Aires
89%
32 Cairo
89%
60 Delhi
89%
46 Las Vegas
89%
11 Melbourne
89%
51 Stockholm
89%
64 Helsinki
88%
66 Santiago de Chile
88%
8 Bangkok
87%
21 Edinburgh
87%
77 Mumbai
87%
48 Shanghai
87%
93 Brussels
86%
47 Perth
86%
40 Vienna
86%
83 Wellington
86%
19 Jerusalem
85%
69 Manila
85%
37 Munich
85%
68 Auckland
84%
14 Prague
84%
33 Budapest
83%
12 Hong Kong
83%
39 New Orleans
83%
25 Singapore
83%
20 Montreal
82%
22 Venice
82%
23 Hanoi
80%
97 Naples
80%
87 Taipei
80%
41 Ho Chi Minh City
79%
4 Barcelona
78%
52 Kuala Lumpur
78%
78 Hamburg
76%
27 Florence
75%
44 Seville
74%
94 La Paz
73%
88 Tallinn
73%
65 Kolkata
72%
13 Kathmandu
71%
30 Krakow
71%
45 Kyoto
69%
95 Quebec City
68%
100 Dhaka
66%
42 Marrakech
64%
43 Sarajevo
63%
56 Phnom Penh
62%
53 Damascus
61%
98 Memphis
58%
67 Fes
53%
91 Hobart
53%
84 Ljubljana
53%
59 Dubrovnik
51%
58 Cuzco
47%
76 York
41%
74 Zanzibar
41%
80 Galway
40%
62 Salvador da Bahia
40%
89 Lhasa
39%
75 Innsbruck
37%
92 Jaipur
35%
73 Cartagena
32%
71 Chiang Mai
31%
96 Valparaiso
29%
82 Isfahan
28%
79 Oaxaca
24%
81 Siena
24%
72 Varanasi
20%
54 Luang Prabang
18%
99 Heidelberg
17%
70 Puerto Vallarta
17%
90 Bled
14%
86 San Cristobal
9%
No matching quizzes found
Score Distribution
Percent of People with Each Score
Percentile by Number Answered
Your Score History
You have not taken this quiz